000 00601nam a22002177a 4500
003 BUBTL
008 170529b xxu||||| |||| 00| 0 eng d
020 _a0-13-606591-0
082 _a687.068'5BRR
100 _91242
_aBrown,Patty/ Rice,Janett
245 _aReady-to-Wear Apparel Analysis
250 _a4th
260 _aNew Jersey
_bPrentice-Hall
_cc1998
300 _a[vii],371p.
_bills.
_c21cm.
650 0 _9909
_aTextile Engineering
700 _91243
_aBrown,Patty/ Rice,Janett
760 _b4th
856 _k0
_l0
_yDownload
942 _2ddc
_cBK
999 _c5472
_d5472